| 000 | 00831nam a22002177a 4500 | ||
|---|---|---|---|
| 008 | 240702b mp ||||| |||| 00| 0 mon d | ||
| 035 | _a12027 | ||
| 040 |
_aSU1322070 _bmon _cMN-UlNLM _dMN-UlNLM _erda |
||
| 041 | _amon | ||
| 042 | _a30209 | ||
| 084 |
_2NNA _a28.691.39 _bА-35 |
||
| 100 | _aАйгнэр Э. | ||
| 245 | 0 | _aДууч шувууд | |
| 264 |
_aУлаанбаатар хот _bАдмон ХХК _c2009 |
||
| 300 | _a20х. | ||
| 336 |
_2rdacontent _atext _btxt |
||
| 337 |
_2rdamedia _aunmediated _bn |
||
| 338 |
_2rdacarrier _avolume _bnc |
||
| 650 | _aДууч шувууд бол шувууны ангийн нэгэн томоохон төрөл юм. Энэхүү дугаартаа бид хүүхдүүд та нарын сайн мэдэх дууч шувуудыг танилцуу... | ||
| 942 |
_2NNA _cBK |
||
| 999 |
_c1069720 _d1069777 |
||